000 00632nam a22002057a 4500
999 _c8816
_d8816
003 AR-CdUCM
008 190326b ||||| |||| 00| 0 spa d
040 _aMUNICIPALIDAD PROVINCIAL DEL CUSCO
_cBIBLIOTECA MUNICIPAL DEL CUSCO
082 _a869.44 /
_bES86
100 _aEspinal, Luis
_924562
245 _aOraciones a quemarropa /
260 _aLima :
_bCEP, Centro de Estudios y Publicaciones,
_c1982.
300 _a91 páginas ;
_bilustración,
_c19 cm.
505 _aContenido: Poesías.
650 _aPoesías Bolivianas
_917077
650 _aSiglo XX
_98
650 _aLiteratura
_983
942 _2ddc
_cLIBROS
945 _aachl